Relation between football, Volleyball and basketball players / (Record no. 38655)

MARC details
000 -LEADER
fixed length control field 00790nam a22002177a 4500
005 - DATE AND TIME OF LATEST TRANSACTION
control field 2010080207587.0
010 ## - LCCN (DPL NO)
LC control number ENG-97786
020 ## - INTERNATIONAL STANDARD BOOK NUMBER
International Standard Book Number 9380189048
Terms of availability 80.00
020 ## - INTERNATIONAL STANDARD BOOK NUMBER
International Standard Book Number 9789380189048
Terms of availability 90.00
035 ## - SYSTEM CONTROL NUMBER
System control number EN-81319
037 ## - SOURCE OF ACQUISITION
Source of stock number/acquisition DBAD/PUB
082 ## - DEWEY DECIMAL CLASSIFICATION NUMBER
Classification number 796.3
100 ## - MAIN ENTRY--PERSONAL NAME
Personal name Begum, A. Doulath
245 ## - TITLE STATEMENT
Title Relation between football, Volleyball and basketball players /
Statement of responsibility, etc by A. Doulath Begum
260 ## - PUBLICATION, DISTRIBUTION, ETC. (IMPRINT)
Place of publication, distribution, etc Tamil Nadu
Name of publisher, distributor, etc Nalangilli Publishers
Date of publication, distribution, etc 2009
270 ## - ADDRESS
Address 5/888, Keela Thery, Panaiyur Thillaisthanam
City Tamil Nadu
Postal code 613203
300 ## - PHYSICAL DESCRIPTION
Extent 113p.
Dimensions 21cm (pbk)
650 ## - SUBJECT ADDED ENTRY--TOPICAL TERM
Topical term or geographic name as entry element Sports
942 ## - ADDED ENTRY ELEMENTS (KOHA)
Source of classification or shelving scheme Dewey Decimal Classification
Item type Bengali Books
Classification part 796.3
Call number suffix BEG
Holdings
Withdrawn status Lost status Not for loan Collection code Home library Current library Date acquired Source of acquisition Cost, normal purchase price Full call number Barcode Copy number Cost, replacement price Koha item type
    Not For Loan Non-fiction D.B.Act.Division D.B.Act.Division 02/08/2010 DBAD/PUB 80.00 796.3 BEG EN-81319 1 80.00 Bengali Books

© Delhi Public Library
Hit Counter
free hit counter